International Economics: Theory and Policy (Record no. 11598)

MARC details
000 -LEADER
fixed length control field 00426nam a22001697a 4500
003 - CONTROL NUMBER IDENTIFIER
control field OSt
008 - FIXED-LENGTH DATA ELEMENTS--GENERAL INFORMATION
fixed length control field 221201b ||||| |||| 00| 0 eng d
020 ## - INTERNATIONAL STANDARD BOOK NUMBER
International Standard Book Number 9789325969230
082 ## - DEWEY DECIMAL CLASSIFICATION NUMBER
Classification number 337 DWI
100 ## - MAIN ENTRY--PERSONAL NAME
Personal name DWIVEDI, D.N.
245 ## - TITLE STATEMENT
Title International Economics: Theory and Policy
250 ## - EDITION STATEMENT
Edition statement Reprint
260 ## - PUBLICATION, DISTRIBUTION, ETC. (IMPRINT)
Place of publication, distribution, etc Noida
Name of publisher, distributor, etc Vikas Publishing House Pvt. Ltd.
Date of publication, distribution, etc 2019
300 ## - PHYSICAL DESCRIPTION
Extent 540 p.
650 ## - SUBJECT ADDED ENTRY--TOPICAL TERM
Topical term or geographic name as entry element Economics
942 ## - ADDED ENTRY ELEMENTS (KOHA)
Source of classification or shelving scheme Dewey Decimal Classification
Koha item type Text Books
Holdings
Withdrawn status Lost status Source of classification or shelving scheme Damaged status Not for loan Collection code Home library Current library Date acquired Source of acquisition Currency Cost, normal purchase price Bill Number Total Checkouts Full call number Acc. no. / Barcode Date last seen Actual Cost, discounted price Bill Date Koha item type Date last borrowed
    Dewey Decimal Classification     B.A Economics PIET NCR College Library PIET NCR College Library 17/11/2022 Kirti Prakashan IN Rupees 505.00 IN1483   337 DWI N3167 01/12/2022 338.35 17/11/2022 Reference Books  
    Dewey Decimal Classification     B.A Economics PIET NCR College Library PIET NCR College Library 17/11/2022 Kirti Prakashan IN Rupees 505.00 IN1483 2 337 DWI N3168 01/06/2024 338.35 17/11/2022 Text Books 21/05/2024
    Dewey Decimal Classification     B.A Economics PIET NCR College Library PIET NCR College Library 17/11/2022 Kirti Prakashan IN Rupees 505.00 IN1483 1 337 DWI N3169 11/04/2025 338.35 17/11/2022 Text Books 31/03/2025

Design & Developed by: PIET Central Library
R70 Miles Stone Pattikalyana Samalkha Panipat 132102
mail ID :- [email protected], Phone No:- 0180-2569700 Ex.216